000 00989nam a2200229 a 4500
001 000041566
005 20201002035637.0
008 131011s1995 sp a 000 0 spa d
020 _a8400075331
040 _aDO-SdBNP
_bspa
_cBNPHU
082 _axxxx
_bxxxx
100 1 _aIbn Baškuwāl, Ḫalaf ibn ʻAbd al-Malik
_d1101-1183.
_968315
245 1 0 _aKitab al-qurba ilà Rabb al-'Alamin = (El acercamiento a Dios) /
_cIbn Baskuwal ; estudio, edición crítica y traducción, Cristina de la Puente.
246 1 0 _aEl acercamiento a Dios.
260 _aMadrid :
_bConsejo Superior de Investigaciones Científicas,
_bAgencia Española de Cooperación Internacional,
_c1995.
300 _a378, 165 p. :
_bil. ;
_c24 cm.
490 1 _aFuentes arábico-hispanas
_v19
500 _aTexto en español y en árabe
500 _aIncluye referencias bibliográficas y notas al pie de las páginas
700 1 2 _aPuente, Cristina de la
_eed.
_968316
830 0 _aFuentes arábico-hispanas ;
_n19
_968317
999 _c41056
_d41056